Ostrakizm po-bol'ševistski : (Titelsatznr. 37229)
[ MARC ]
| 000 -Satzkennung | |
|---|---|
| Kontrollfeld mit fester Länge | 00709nam a22002411c 4500 |
| 001 - Kontrollnummer | |
| Kontrollfeld | a987676720 |
| 008 - Feld mit fester Länge zur physischen Beschreibung - Allgemeine Angaben | |
| Kontrollfeld mit fester Länge | 160708s2010 gw |||| 000u rus d |
| 020 ## - Internationale Standardbuchnummer | |
| Internationale Standardbuchnummer | 9785858873525 |
| Verknüpfung | 978-5-85887-352-5 |
| 041 ## - Sprachcode | |
| Sprachcode des Textes/der Tonspur oder des separaten Titels | rus |
| 040 ## - Katalogisierungsquelle | |
| Übertragungsstelle | RU-10907106 |
| 003 - Kontrollnummer Identifier | |
| Kontrollfeld | RU-10907106 |
| 245 00 - Titel | |
| Titel | Ostrakizm po-bol'ševistski : |
| Zusatz zum Titel | Presledovanija političeskich opponentov v 1921-1924 gg. |
| 264 ## - Produktion, Veröffentlichung, Distribution, Herstellung und Urheberrechtsvermerk | |
| Herstellungs-, Veröffentlichungs- Vertriebs-, Erzeugungsort | Moskva : |
| Produzent, Herausgeber, Distributor, Hersteller | Russkij put', |
| Datum der Herstellung, der Veröffentlichung, des Vertriebs oder des Urheberschutzvermerks | 2010 |
| 300 ## - Physische Beschreibung | |
| Umfang | 800 S. |
| 600 #0 - Nebeneintragung unter einem Schlagwort - Personenname | |
| Personenname | Stalin, Iosif Vissarionovič |
| 650 #0 - Nebeneintragung unter einem Schlagwort - Sachschlagwort | |
| Sachschlagwort oder geografischer Name als Eintragungselement | Politische Kultur |
| 650 #0 - Nebeneintragung unter einem Schlagwort - Sachschlagwort | |
| Sachschlagwort oder geografischer Name als Eintragungselement | KPSS |
| 650 #0 - Nebeneintragung unter einem Schlagwort - Sachschlagwort | |
| Sachschlagwort oder geografischer Name als Eintragungselement | Opposition |
| 650 #0 - Nebeneintragung unter einem Schlagwort - Sachschlagwort | |
| Sachschlagwort oder geografischer Name als Eintragungselement | Repression |
| 700 1# - Nebeneintragung - Personenname | |
| Personenname | Makarov, V. G. |
| Funktionsbezeichnung | HerausgeberIn |
| 700 1# - Nebeneintragung - Personenname | |
| Personenname | Christoforov, Vasilij Stepanovič |
| Funktionsbezeichnung | HerausgeberIn |
| 942 ## - Zusätzliche Felder (Koha) | |
| Koha-Medientyp | Monographien |
| Ausgeschieden | Verloren | Klassifikation oder Aufstellungssystematik | Beschädigt | Nicht entleihbar | Heimatbibliothek | Aufenthaltsbibliothek | Aufstellungsort | Erwerbungsdatum | Inventarnummer | Signatur | Barcode | Letzte Aktivität | Preis gültig von | Koha-Medientyp |
|---|---|---|---|---|---|---|---|---|---|---|---|---|---|---|
| Andere/Generische Klassifikation | MWN Osteuropa | MWN Osteuropa | Magazin - 2 | 08/07/2016 | 16-02399 Ersatzß | R 61 ej Mak | E004015079084F09 | 23/02/2021 | 22/03/2021 | Monographien |